Uplatňovanie cenovej diskriminácie diplomová práca

Saved in:
Bibliographic Details
Main Author: Smolár, Vladimír
Corporate Author: Fakulta podnikového manažmentu EU. Katedra podnikovohospodárska
Other Authors: Štetka, Peter, 1986-
Format: Book
Language:Slovak
Published: Bratislava 2016
Tags: Add Tag
No Tags, Be the first to tag this record!

MARC

LEADER 00000nbm a2200000 4500
001 0218447
005 20170123142723.1
041 0 |a slo 
044 |a SK 
245 1 0 |a Uplatňovanie cenovej diskriminácie  |b diplomová práca  |c Vladimír Smolár ; školiteľ: Peter Štetka 
264 1 |a Bratislava  |c 2016 
300 |a 66 s. 
100 1 |a Smolár, Vladimír 
700 1 |a Štetka, Peter, 1986- 
710 2 |a Fakulta podnikového manažmentu EU. Katedra podnikovohospodárska